000
00263nam a22001097a 4500
082
_a
629.133352 SHA'P
100
_a
SHAPIRO, JACOB
_9
57032
245
_a
PRINCIPLES OF HELICOPTR ENGINEERING
260
_a
NEWYORK
_b
MCGRAW HILL
_c
1956
300
_a
433P
942
_c
BK
999
_c
567343
_d
567343